Valor pronóstico del esquema de Arneth y del índice nuclear en la tubercolosis pulmonar (Record no. 122721)

MARC details
000 -LEADER
campo de control de longitud fija 00640nam a2200181 4500
001 - NÚMERO DE CONTROL
campo de control 122721
003 - IDENTIFICADOR DE NÚMERO DE CONTROL
campo de control ES-MaACL
005 - FECHA Y HORA DE LA ÚLTIMA TRANSACCIÓN
campo de control 20260326152605.0
007 - CAMPO FIJO DE DESCRIPCIÓN FÍSICA--INFORMACIÓN GENERAL
campo de control de longitud fija t|
008 - DATOS DE LONGITUD FIJA--INFORMACIÓN GENERAL
campo de control de longitud fija 070214s1915 sp r ||||1| spa d
100 1# - ENTRADA PRINCIPAL--NOMBRE DE PERSONA
Nombre de persona Puig y Oller, Alberto.
9 (RLIN) 94287
245 10 - MENCIÓN DEL TÍTULO
Título Valor pronóstico del esquema de Arneth y del índice nuclear en la tubercolosis pulmonar
Resto del título : tesis del doctorado /
Mención de responsabilidad, etc. Alberto Puig y Oller.
260 ## - PUBLICACIÓN, DISTRIBUCIÓN, ETC.
Lugar de publicación, distribución, etc. Gerona :
Nombre del editor, distribuidor, etc. [s.n.],
Fecha de publicación, distribución, etc. 1915.
852 ## - LOCALIZACIÓN
Ubicación ES-MaACL
Número de control de estantería 1501-F-7
Ubicación en estantería Depósito folletos
856 4# - LOCALIZACIÓN Y ACCESO ELECTRÓNICOS
Identificador Uniforme de Recursos <a href="http://bibliotecavirtual.ranm.es/ranm/es/consulta/registro.do?id=66009">http://bibliotecavirtual.ranm.es/ranm/es/consulta/registro.do?id=66009</a>
Texto de enlace En linea
942 ## - ELEMENTOS DE ENTRADA SECUNDARIOS (KOHA)
Fuente del sistema de clasificación o colocación Clasificación decimal universal
Holdings
Estatus retirado Estado de pérdida Estado de daño No para préstamo Colección Biblioteca de origen Biblioteca actual Ubicación en estantería Fecha de adquisición Fuente de adquisición Total de préstamos Signatura topográfica completa Código de barras Visto por última vez Precio de reemplazo Tipo de ítem Koha
        Colección de folletos Biblioteca del Ateneo de Madrid Biblioteca del Ateneo de Madrid Depósito folletos 17/01/2008     1501-F-7 1127877 23/02/2023 23/02/2023 Folleto